Fast Forward to Gender Equality Mainstreaming, Implementation and Leadership

Guardado en:
Detalles Bibliográficos
Formato: Libro
Lenguaje:inglés
Publicado: Paris OECD 2019
Materias:
Etiquetas: Agregar Etiqueta
Sin Etiquetas, Sea el primero en etiquetar este registro!

MARC

LEADER 00000nam a2200000 4500
001 0262681
005 20221220064431.3
020 |a 978-92-64-31300-2 
041 0 |a eng 
044 |a FR 
245 1 0 |a Fast Forward to Gender Equality  |b Mainstreaming, Implementation and Leadership 
264 1 |a Paris  |b OECD  |c 2019 
300 |a 84 s. 
610 2 0 |a rovnosť rodová 
610 2 0 |a vodcovstvo 
610 2 0 |a inštitúcia 
610 2 0 |a evidencia 
610 2 0 |a zodpovednosť 
610 2 0 |a správa štátna 
610 2 0 |a súdnictvo 
610 2 0 |a zákonodarstvo 
610 2 0 |a porovnanie štatistické medzinárodné 
610 2 0 |a OECD